000 00486cam a2200193ua 4500
001 5418
005 20260515113859.0
008 120903n ii |||gr||||Z||||||eng
020 _a81-7096-631-0
040 _cMAIN
082 _a800
100 1 _aAbraham, Jacob,
_eAuthor,
245 1 1 _aA handbook of literary terms
_cby Jacob Abraham
250 _a2nd.
260 _aLudhiana:
_bKalyani Publishers,
_c1998.
300 _a202p:
_c15cm.
653 _aLiterature & rhetoric
942 _cBK
999 _c4595
_d4595